El Convent de Sant Francesc d'Assís de terrassa, el claustre i els seus 26 plafons ceràmics / Eva Messeguer Rodríguez, Associació Alba
ISBN:
84-7794-950-6
Descripción Física:
128 p. : il. ; 21 cm
MARC
| LEADER | 00000nam a2200000Ia 4500 | ||
|---|---|---|---|
| 001 | 16976 | ||
| 003 | BGR | ||
| 005 | 20260324175321.0 | ||
| 008 | 160829s2003 xx 000 0 cat d | ||
| 020 | |a 84-7794-950-6 | ||
| 080 | |a B-2-83 | ||
| 100 | |a Messeguer Rodríguez, Eva |9 26607 | ||
| 245 | |a El Convent de Sant Francesc d'Assís de terrassa, el claustre i els seus 26 plafons ceràmics / Eva Messeguer Rodríguez, Associació Alba | ||
| 260 | |a Barcelona : |b Institut d'Edicions de la Diputació de Barcelona, |c 2003 | ||
| 300 | |a 128 p. : |b il. ; |c 21 cm | ||
| 590 | |a Bibliografia | ||
| 650 | |a Convent de Sant Francesc d'Assís (Terrassa) |9 26608 | ||
| 650 | 0 | |a Ceràmica catalana |x Terrassa |9 26609 | |
| 710 | |a Barcelona (Catalunya : Província). |b Institut d'Edicions |9 53854 | ||
| 710 | 1 | |a Associació Alba |9 70423 | |
| 901 | |a Arxiu | ||
| 942 | |n 1 |2 udc |c MON | ||
| 952 | |0 0 |1 0 |4 0 |6 B283 |7 1 |9 44077 |a Arxiu |b Arxiu |d 2016-12-01 |l 0 |o B-2-83 |p 16976 |r 2016-12-01 00:00:00 |w 2016-12-01 |y ARXIU | ||
| 999 | |c 46657 |d 46657 | ||